| 000 | 00691cab a2200229 4500 | ||
|---|---|---|---|
| 001 | WB3504-31 | ||
| 008 | 090401t1999 xxu||||| |||| 00| 0 eng d | ||
| 035 | _a(Sirsi) u90991 | ||
| 041 | _aeng | ||
| 245 | _aChief Inspector`s role defined | ||
| 260 | _c1999 | ||
| 350 | _a0 | ||
| 490 |
_aHousing Today _v(118) 28 January 1999, 1(1) |
||
| 520 | _aThe Best Value in Housing Framework requires a high-profile chief inspector of housing to manage council housing inspections. | ||
| 650 | _aBEST VALUE | ||
| 650 | _aCHIEF INSPECTOR OF HOUSING | ||
| 650 | _aCOUNCIL HOUSING | ||
| 650 | _aHOUSING INSPECTORATE | ||
| 690 |
_aBlock management _96220 |
||
| 942 | _n0 | ||
| 948 | _c29/01/1999 | ||
| 999 |
_c57732 _d57732 |
||